Geography Quiz

Random Geography or State Quiz

Risky Map Clicking: Next State Alphabetically Quiz Stats

 Plays Quiz Updated Jul 1, 2016

Score 0/50 Timer 10:00
28 Plays Today
% Correct
???
25.1%
???
24.8%
???
24.6%
???
24.1%
???
24.1%
???
23.9%
???
23.7%
???
23.7%
???
23.4%
???
23.4%
???
23.4%
???
23.1%
???
23%
???
22.9%
???
22.8%
???
22.5%
???
22.5%
???
22.5%
???
22.4%
???
22.4%
???
22.3%
???
22.2%
???
22.1%
???
22%
???
22%
% Correct
???
21.9%
???
21.8%
???
21.5%
???
21.5%
???
21.5%
???
21.3%
???
21.2%
???
21.2%
???
21.2%
???
21.1%
???
21%
???
21%
???
20.3%
???
20.3%
???
20.1%
???
20.1%
???
20.1%
???
20%
???
19.9%
???
19.4%
???
19.2%
???
19%
???
18.8%
???
18.5%
???
17.5%

You're not logged in!

Compare scores with friends on all Sporcle quizzes.
OR
Log In

You Might Also Like...

Show Comments

Extras

Top Quizzes Today


Score Distribution

Your Account Isn't Verified!

In order to create a playlist on Sporcle, you need to verify the email address you used during registration. Go to your Sporcle Settings to finish the process.

Report this User

Report this user for behavior that violates our Community Guidelines.

Details: